00586nam a2200181Ia 450000500170000000800410001702000150005808200130007310000170008624500880010326000280019130000190021965000220023865000280026094200060028895200950029499900150038920240926023149.0240331s9999 xx 000 0 und d a041511134X bMILa341 aMillerson, R 0aInternational law, rights and politics :bdevelopments in easterneurope and the CIS aLondonbRoutledgec1994 axiii, 230 p ., aInternational Law aInternational relations cL 001040708LaWERCLbWERCLcSSCd2024-03-31l0o 341 MILp3964r2024-03-31w2024-03-31yL c2800d2800